[Event "Sachsen-Anhalt Verbandsliga 1920"]
[Site "Sachsen Anhalt"]
[Date "2019.09.29"]
[Round "1.6"]
[White "Garbe, Maximilian"]
[Black "Corley, Brian"]
[Result "1-0"]
[WhiteElo "1825"]
[BlackElo "1948"]
[PlyCount "61"]
[EventDate "2019.09.29"]
[EventType "team-tourn"]
[EventRounds "9"]
[EventCountry "GER"]
[SourceTitle "EXT 2023"]
[Source "ChessBase"]
[SourceDate "2022.10.05"]
[SourceVersion "1"]
[SourceVersionDate "2022.10.05"]
[SourceQuality "1"]
[WhiteTeam "Coethen Germania"]
[BlackTeam "Reideburg 90 Halle"]
[WhiteTeamCountry "GER"]
[BlackTeamCountry "GER"]

1. e4 d5 2. exd5 Qxd5 3. Nc3 Qd6 4. d4 Nf6 5. Nf3 a6 6. h3 b5 7. Be3 Bb7 8. Be2 e6 9. 0-0 Nbd7 10. a3 Be7 11. Nd2 0-0 12. Bf3 Bxf3 13. Qxf3 Rfd8 14. a4 b4 15. Nc4 bxc3 16. Nxd6 cxb2 17. Rab1 cxd6 18. Rxb2 d5 19. Bf4 Ne4 20. c4 Bf6 21. Qd3 Rdc8 22. Rc2 g5 23. Bh2 Bg7 24. Rb1 f5 25. Rb7 Nf8 26. cxd5 exd5 27. f3 Rxc2 28. Qxc2 Bxd4+ 29. Kf1 Nc5 30. Qxf5 Nce6 31. Re7 1-0

[Event "Sachsen-Anhalt Verbandsliga 18/19"]
[Site "Sachsen Anhalt"]
[Date "2019.04.07"]
[Round "9.7"]
[White "Garbe, Maximilian"]
[Black "Buescher, Sven"]
[Result "1/2-1/2"]
[WhiteElo "1838"]
[BlackElo "1758"]
[PlyCount "22"]
[EventDate "2018.10.21"]
[EventType "team-tourn"]
[EventRounds "9"]
[EventCountry "GER"]
[SourceTitle "EXT 2022"]
[Source "ChessBase"]
[SourceDate "2021.10.06"]
[SourceVersion "1"]
[SourceVersionDate "2021.10.06"]
[SourceQuality "1"]
[WhiteTeam "Coethen Germania"]
[BlackTeam "Merseburg"]
[WhiteTeamCountry "GER"]
[BlackTeamCountry "GER"]

1. e4 e6 2. d4 d5 3. exd5 exd5 4. Bd3 Bd6 5. Ne2 Ne7 6. 0-0 Nbc6 7. c3 Bg4 8. f3 Bh5 9. Bf4 Qd7 10. Re1 0-0 11. Nd2 Bg6 1/2-1/2

[Event "Sachsen-Anhalt Verbandsliga 18/19"]
[Site "Sachsen Anhalt"]
[Date "2019.03.24"]
[Round "7.8"]
[White "Richter, Philipp"]
[Black "Garbe, Maximilian"]
[Result "1/2-1/2"]
[WhiteElo "1812"]
[BlackElo "1838"]
[PlyCount "120"]
[EventDate "2018.10.21"]
[EventType "team-tourn"]
[EventRounds "9"]
[EventCountry "GER"]
[SourceTitle "EXT 2022"]
[Source "ChessBase"]
[SourceDate "2021.10.06"]
[SourceVersion "1"]
[SourceVersionDate "2021.10.06"]
[SourceQuality "1"]
[WhiteTeam "Graefenhainichen"]
[BlackTeam "Coethen Germania"]
[WhiteTeamCountry "GER"]
[BlackTeamCountry "GER"]

1. b4 e5 2. Bb2 Bxb4 3. Bxe5 Nf6 4. c4 Nc6 5. Bb2 0-0 6. e3 d5 7. cxd5 Nxd5 8. Nf3 Bf5 9. Be2 Be7 10. 0-0 Ndb4 11. Nc3 Nd3 12. Qb3 Ncb4 13. Nd4 Bg6 14. a3 c5 15. axb4 cxd4 16. Nd5 Nxb2 17. Nxe7+ Qxe7 18. Qxb2 dxe3 19. dxe3 Be4 20. Ra5 Rfe8 21. Rc1 b6 22. Ra3 Rac8 23. Rac3 Bb7 24. b5 Rc5 25. Rxc5 bxc5 26. Qa3 Qg5 27. Bf1 Rc8 28. Qxa7 Qd5 29. Qa4 g6 30. Qc4 Qe5 31. Rd1 Rc7 32. b6 Re7 33. Rc1 Re6 34. Qxc5 Qxc5 35. Rxc5 Rxb6 36. Rb5 Rxb5 37. Bxb5 Kg7 38. f3 Kf6 39. Kf2 Bd5 40. h4 h6 41. Kg3 Ke5 42. Kg4 Be6+ 43. Kg3 Bd5 44. Bd3 Bb3 45. Kh3 Be6+ 46. Kh2 Bd5 47. Kg1 g5 48. hxg5 hxg5 49. Kf2 Be6 50. Kg3 f6 51. f4+ gxf4+ 52. exf4+ Kd4 53. Bh7 Ke3 54. f5 Bd5 55. Bg6 Be4 56. Bh7 Bd5 57. Bg6 Be4 58. Kh3 Kf4 59. g4 Bf3 60. Bh5 Be2 1/2-1/2

[Event "Oberliga Ost-A 1314"]
[Site "Germany"]
[Date "2014.04.05"]
[Round "10.8"]
[White "Garbe, Maximilian"]
[Black "Kunze, Christopher"]
[Result "0-1"]
[WhiteElo "1745"]
[BlackElo "2056"]
[PlyCount "70"]
[EventDate "2013.10.13"]
[EventType "team-tourn"]
[EventRounds "11"]
[EventCountry "GER"]
[SourceTitle "EXT 2015"]
[Source "ChessBase"]
[SourceDate "2014.11.20"]
[SourceVersion "1"]
[SourceVersionDate "2014.11.20"]
[SourceQuality "1"]
[WhiteTeam "Koethen Ludwigs"]
[BlackTeam "Dresden Gruen Weiss"]
[WhiteTeamCountry "GER"]
[BlackTeamCountry "GER"]

1. e4 d5 2. exd5 Qxd5 3. Nc3 Qd6 4. Bc4 Nf6 5. d3 a6 6. Nf3 b5 7. Bb3 e6 8. Be3 Bb7 9. 0-0 Be7 10. Qe2 0-0 11. Rad1 c5 12. a4 Qc6 13. Rfe1 Nbd7 14. Bf4 Rfe8 15. Ne4 Nxe4 16. dxe4 c4 17. Ba2 Nc5 18. Ne5 Qxe4 19. Qg4 h5 20. Rxe4 hxg4 21. Re3 Red8 22. Rde1 Nxa4 23. b3 cxb3 24. Bxb3 Bb4 25. Rf1 Bd2 26. Bxa4 bxa4 27. Nxg4 Bxe3 28. Nxe3 f6 29. Bc7 Rdc8 30. Ba5 Be4 31. c3 Rab8 32. f3 Rb5 33. Bb4 a5 34. Bxa5 Rxa5 35. fxe4 Rxc3 0-1

[Event "GER-chT North U16"]
[Site "Berlin"]
[Date "2012.09.09"]
[Round "7.2"]
[White "Garbe, Maximilian"]
[Black "Hinrichs, Lars"]
[Result "1/2-1/2"]
[WhiteElo "1714"]
[BlackElo "2001"]
[PlyCount "49"]
[EventDate "2012.09.06"]
[EventType "team-swiss"]
[EventRounds "7"]
[EventCountry "GER"]
[SourceTitle "EXT 2015"]
[Source "ChessBase"]
[SourceDate "2014.11.20"]
[SourceVersion "1"]
[SourceVersionDate "2014.11.20"]
[SourceQuality "1"]
[WhiteTeam "Cothen Germania"]
[BlackTeam "Hamburger SK"]
[WhiteTeamCountry "GER"]
[BlackTeamCountry "GER"]

1. e4 c5 2. Nf3 Nc6 3. d4 cxd4 4. Nxd4 d5 5. exd5 Qxd5 6. Nxc6 Qxd1+ 7. Kxd1 bxc6 8. Bd3 e5 9. Re1 Bd6 10. Nd2 Bc7 11. Nc4 f6 12. f4 Bg4+ 13. Be2 0-0-0+ 14. Bd2 Bxe2+ 15. Kxe2 exf4 16. Kf3 Nh6 17. Bxf4 Bxf4 18. Kxf4 Rd4+ 19. Re4 Rhd8 20. c3 g5+ 21. Kf3 Rd3+ 22. Re3 Rxe3+ 23. Kxe3 Nf5+ 24. Ke2 Nd6 25. Nxd6+ 1/2-1/2

[Event "GER-chT North U16"]
[Site "Berlin"]
[Date "2012.09.07"]
[Round "4.2"]
[White "Dao Xuan, Duong"]
[Black "Garbe, Maximilian"]
[Result "0-1"]
[WhiteElo "1572"]
[BlackElo "1714"]
[PlyCount "98"]
[EventDate "2012.09.06"]
[EventType "team-swiss"]
[EventRounds "7"]
[EventCountry "GER"]
[SourceTitle "EXT 2015"]
[Source "ChessBase"]
[SourceDate "2014.11.20"]
[SourceVersion "1"]
[SourceVersionDate "2014.11.20"]
[SourceQuality "1"]
[WhiteTeam "Neubrandenburg"]
[BlackTeam "Cothen Germania"]
[WhiteTeamCountry "GER"]
[BlackTeamCountry "GER"]

1. e4 e5 2. Nf3 Nc6 3. Bc4 Bc5 4. d3 Nf6 5. Bg5 d6 6. h3 Na5 7. Bb3 0-0 8. 0-0 c6 9. c3 Nxb3 10. axb3 Re8 11. Re1 h6 12. Bh4 Bb6 13. Na3 Bc7 14. Nc4 Kh7 15. Qc2 g5 16. Bg3 Nh5 17. Ne3 Rg8 18. Nh2 Nxg3 19. fxg3 Bb6 20. Kh1 h5 21. Qe2 Kh6 22. Rf1 Bxe3 23. Qxe3 Qe7 24. Rxa7 Rxa7 25. Qxa7 g4 26. Qe3+ Kh7 27. h4 Be6 28. Qf2 Ra8 29. Qc2 f5 30. d4 Qf6 31. Rf2 f4 32. Nf1 Ra1 33. Kg1 Kg7 34. dxe5 dxe5 35. Kh2 Rxf1 36. Rxf1 fxg3+ 37. Kg1 Qxh4 38. Rd1 Qh2+ 39. Kf1 Qh1+ 40. Ke2 Qxg2+ 41. Kd3 Qxc2+ 42. Kxc2 g2 43. Rg1 h4 44. Rxg2 h3 45. Rg1 h2 46. Rh1 g3 47. Kd2 g2 48. Rxh2 g1Q 49. Re2 Bg4 0-1

[Event "Dresden ZMD op-B 21st"]
[Site "Dresden"]
[Date "2012.08.23"]
[Round "6"]
[White "Schuermann, Ralf"]
[Black "Garbe, Maximilian"]
[Result "1/2-1/2"]
[WhiteElo "1858"]
[BlackElo "1714"]
[PlyCount "67"]
[EventDate "2012.08.18"]
[EventType "swiss"]
[EventRounds "9"]
[EventCountry "GER"]
[SourceTitle "CBM 150 Extra"]
[Source "ChessBase"]
[SourceDate "2012.10.19"]
[SourceVersion "1"]
[SourceVersionDate "2012.10.19"]
[SourceQuality "1"]

1. e4 e5 2. Nf3 Nc6 3. Bb5 a6 4. Ba4 Nf6 5. 0-0 Be7 6. Re1 b5 7. Bb3 d6 8. c3 Na5 9. Bc2 c5 10. h3 0-0 11. d4 Qc7 12. Nbd2 Bd8 13. Nf1 Nc6 14. Be3 Ne7 15. Ng3 Ng6 16. Qd2 Bb7 17. Rad1 Rc8 18. Bb1 Re8 19. dxc5 dxc5 20. Nf5 Be7 21. Nxe7+ Qxe7 22. Bg5 h6 23. Bxf6 Qxf6 24. Qd6 Red8 25. Qxf6 gxf6 26. Kf1 Kf8 27. g3 Ke7 28. Ke2 Rxd1 29. Rxd1 Rd8 30. Rxd8 Kxd8 31. Nh2 Bc8 32. h4 Be6 33. Ke3 Kc7 34. Nf1 1/2-1/2

[Event "Dresden ZMD op-B 21st"]
[Site "Dresden"]
[Date "2012.08.20"]
[Round "3"]
[White "Garbe, Maximilian"]
[Black "Hartig, Uwe"]
[Result "0-1"]
[WhiteElo "1714"]
[BlackElo "1816"]
[PlyCount "110"]
[EventDate "2012.08.18"]
[EventType "swiss"]
[EventRounds "9"]
[EventCountry "GER"]
[SourceTitle "CBM 150 Extra"]
[Source "ChessBase"]
[SourceDate "2012.10.19"]
[SourceVersion "1"]
[SourceVersionDate "2012.10.19"]
[SourceQuality "1"]

1. e4 d6 2. d4 Nf6 3. Nc3 g6 4. f4 Bg7 5. Nf3 0-0 6. Bd3 Nc6 7. 0-0 e5 8. fxe5 dxe5 9. d5 Ne7 10. Bg5 c6 11. Bc4 b5 12. d6 bxc4 13. Nxe5 Nf5 14. exf5 Qb6+ 15. Kh1 Qxb2 16. fxg6 Qxc3 17. Bxf6 Bxf6 18. gxh7+ Kh8 19. Rxf6 Qxe5 20. Qf1 Be6 21. Re1 Qxd6 22. Qf3 Qd2 23. Rd1 Qg5 24. Qc3 Kxh7 25. Rf3 Rg8 26. Rg3 Qh5 27. Rd6 Rxg3 28. Qxg3 Rg8 29. Qe3 Qg5 30. Qe4+ Bf5 31. Qe2 Qg4 32. Qf2 Be6 33. Rd4 Qf5 34. Rh4+ Kg6 35. Rf4 Qg5 36. h4 Qe5 37. a4 Kh7 38. g3 f5 39. Kh2 Rg7 40. Kh3 Re7 41. Qf3 Kg6 42. Qxc6 Qd5 43. Qxd5 Bxd5 44. Rd4 Be6 45. Rd6 Kg7 46. Kg2 Kf6 47. Kf2 Ke5 48. Rd1 Bd5 49. Rb1 Be4 50. Re1 Kd4 51. Re3 c3 52. Re1 Rb7 53. h5 Bxc2 54. h6 Be4 55. Rd1+ Kc4 0-1

[Event "Dresden ZMD op-B 21st"]
[Site "Dresden"]
[Date "2012.08.19"]
[Round "2"]
[White "Gerling, Lothar"]
[Black "Garbe, Maximilian"]
[Result "1/2-1/2"]
[WhiteElo "1630"]
[BlackElo "1714"]
[PlyCount "54"]
[EventDate "2012.08.18"]
[EventType "swiss"]
[EventRounds "9"]
[EventCountry "GER"]
[SourceTitle "CBM 150 Extra"]
[Source "ChessBase"]
[SourceDate "2012.10.19"]
[SourceVersion "1"]
[SourceVersionDate "2012.10.19"]
[SourceQuality "1"]

1. d4 d5 2. c4 e6 3. Nf3 c6 4. e3 Nf6 5. Bd3 dxc4 6. Bxc4 b5 7. Bd3 a6 8. 0-0 c5 9. dxc5 Bxc5 10. a3 0-0 11. b4 Bb6 12. Bb2 Bb7 13. Nc3 Qe7 14. Qe2 Nc6 15. Rfd1 Rfd8 16. Bc2 Rac8 17. Rxd8+ Rxd8 18. Rd1 Rd6 19. Rxd6 Qxd6 20. Ne4 Nxe4 21. Bxe4 f5 22. Bc2 Ne7 23. Nd4 Qd5 24. f3 Nc6 25. Nxc6 Bxc6 26. Kf1 Kf7 27. e4 fxe4 1/2-1/2

[Event "GER-chT Nord-Ost U20 U20 1112"]
[Site "Germany"]
[Date "2012.01.21"]
[Round "5"]
[White "Polutskyi, Sergii"]
[Black "Garbe, Maximilian"]
[Result "1-0"]
[WhiteElo "1645"]
[BlackElo "1694"]
[PlyCount "65"]
[EventDate "2011.09.24"]
[EventType "team-tourn"]
[EventRounds "9"]
[EventCountry "GER"]
[SourceTitle "EXT 2015"]
[Source "ChessBase"]
[SourceDate "2014.11.20"]
[SourceVersion "1"]
[SourceVersionDate "2014.11.20"]
[SourceQuality "1"]

1. d4 d5 2. c4 e6 3. Nc3 c6 4. e4 Be7 5. e5 b6 6. Qg4 Bf8 7. Bd3 Ne7 8. Bg5 Qd7 9. 0-0-0 Na6 10. a3 Nc7 11. Nf3 Ba6 12. Bxe7 Qxe7 13. cxd5 Bxd3 14. d6 Qd7 15. Rxd3 Nd5 16. Nxd5 cxd5 17. Kb1 Rc8 18. Rc1 Rxc1+ 19. Kxc1 Qb5 20. Rd1 g6 21. Kb1 Bg7 22. Rc1 0-0 23. h4 Qe2 24. Qg3 Bh6 25. Ng5 Bxg5 26. Qxg5 Qxf2 27. d7 f6 28. exf6 Kf7 29. d8Q Rxd8 30. Rc7+ Rd7 31. Rxd7+ Ke8 32. Rxa7 Qf1+ 33. Qc1 1-0

[Event "GER-chA U25"]
[Site "Oberhof"]
[Date "2011.06.14"]
[Round "4"]
[White "Garbe, Maximilian"]
[Black "Zimmer, Ketsarrin"]
[Result "1/2-1/2"]
[WhiteElo "1686"]
[BlackElo "1748"]
[PlyCount "49"]
[EventDate "2011.06.11"]
[EventType "swiss"]
[EventRounds "9"]
[EventCountry "GER"]
[SourceTitle "CBM 142 Extra"]
[Source "ChessBase"]
[SourceDate "2011.06.27"]
[SourceVersion "1"]
[SourceVersionDate "2011.06.27"]
[SourceQuality "1"]

1. e4 e5 2. Nf3 Nc6 3. Bb5 a6 4. Bxc6 dxc6 5. 0-0 Bg4 6. h3 Bh5 7. g4 Bg6 8. Nxe5 Qh4 9. Qf3 f6 10. Nxg6 hxg6 11. Kg2 g5 12. d3 Ne7 13. Rh1 Ng6 14. Qg3 Bd6 15. Qxh4 Nxh4+ 16. Kf1 0-0-0 17. Nd2 Rh7 18. Nc4 Rdh8 19. Nxd6+ cxd6 20. Be3 Ng6 21. Kg2 Nf4+ 22. Bxf4 gxf4 23. f3 g5 24. Rae1 Kd7 25. a3 1/2-1/2